000 00716nam a2200241Ia 4500
003 OSt
005 20220923223233.0
006 a|||||r|||| 00| 0
007 ta
008 220922b |||||||| |||| 00| 0 hin d
024 _a212,487
037 _cTextual
040 _aARTS
_cARTS
_bhin
041 _2hin
_ahin
082 _aO152,3N2313,1, L8
100 _aमिश्र, विश्वनाथ
245 0 _aदाव पंेच
246 _aDāv panecha
260 _aदिल्ली
_b प्रभात प्रका0
_c1978
300 _a187पृ.
_ccm.
942 _hO152,3N2313,1, L8
_cTEXL
_2CC
999 _c362761
_d362761